书目信息 |
| 题名: |
科普活动的策划与组织实施
|
|
| 作者: | 景佳 主编 | |
| 分册: | ||
| 出版信息: | 武汉 华中科技大学出版社 2011 |
|
| 页数: | 382页 | |
| 开本: | 22cm | |
| 丛书名: | ||
| 单 册: | ||
| 中图分类: | G316 | |
| 科图分类: | ||
| 主题词: | 科普工作--组织管理 | |
| 电子资源: | ||
| ISBN: | 978-7-5609-7052-3 | |
| 000 | 01167nam0 2200265 450 | |
| 001 | 0100084520 | |
| 005 | 20250616165906.6 | |
| 010 | @a978-7-5609-7052-3@dCNY38.00 | |
| 049 | @aA330000ZJL@bUCS01004902892@c012011025863 | |
| 100 | @a20110908d2011 em y0chiy50 ea | |
| 101 | 0 | @achi |
| 102 | @aCN@b420000 | |
| 105 | @aa z 000yy | |
| 106 | @ar | |
| 200 | 1 | @a科普活动的策划与组织实施@9ke pu huo dong de ce hua yu zu zhi shi shi@b专著@dScientific education activities: planning and implementation@f景佳[等]主编@zeng |
| 210 | @a武汉@c华中科技大学出版社@d2011 | |
| 215 | @a382页@c照片@d22cm | |
| 300 | @a广东省公民科学素质读本 | |
| 330 | @a本书参考国内外科普研究的历史与实践,结合多年的科普经验,并参考项目策划管理、会展策划的相关理论,以及市场营销学、广告学的知识,对以综合性科普活动为主要形式的科普活动从策划、实施、评估的这一流程,从理论到实践的路径,从方法到操作的实例都进行了详细的阐述。 | |
| 510 | 1 | @aScientific education activities: planning and implementation@zeng |
| 606 | 0 | @a科普工作@x组织管理 |
| 690 | @aG316@v4 | |
| 701 | 0 | @a景佳@9jing jia@4主编 |
| 801 | 0 | @aCN@b人天书店@c20250616 |
| 905 | @b1624829-31@b216248308@b216248317@dG316@e45@f3 | |
| 科普活动的策划与组织实施=Scientific education activities: planning and implementation/景佳[等]主编.-武汉:华中科技大学出版社,2011 |
| 382页:照片;22cm |
| 广东省公民科学素质读本 |
| ISBN 978-7-5609-7052-3:CNY38.00 |
| 本书参考国内外科普研究的历史与实践,结合多年的科普经验,并参考项目策划管理、会展策划的相关理论,以及市场营销学、广告学的知识,对以综合性科普活动为主要形式的科普活动从策划、实施、评估的这一流程,从理论到实践的路径,从方法到操作的实例都进行了详细的阐述。 |
| ● |
| 相关链接 |
|
|
|
|
正题名:科普活动的策划与组织实施
索取号:G316/45
 
预约/预借
| 序号 | 登录号 | 条形码 | 馆藏地/架位号 | 状态 | 备注 |
| 1 | 1624829 | 216248291 | 第一样本阅览室/ [索取号:G316/45] | 在馆 | |
| 2 | 1624830 | 216248308 | 第四借阅区/ [索取号:G316/45] | 在馆 | |
| 3 | 1624831 | 216248317 | 第四借阅区/ [索取号:G316/45] | 在馆 |